000 02275 a2200205 4500
020 _a0471205966
020 _a9780471205968
082 0 4 _a332.63222
090 _c3025
_d3025
100 1 _aMcDonald, Michael.
245 1 0 _aPredict market swings with technical analysis /
_cMichael McDonald.
250 _a1st ed.
260 _a[S.l.] :
_bWiley,
_c2002.
300 _a288 p. ;
_c24 cm.
500 _aHardcover.
520 _aPredict Market Swings with Technical Analysis How do professionals on Wall Street earn a living each year by predicting stock prices when efficient market theory claims that stock prices are essentially random and unpredictable? The answer is simple–by using techniques that allow for a stock market that can at times become predictable. In Predict Market Swings with Technical Analysis, Wall Street financial consultant and market analyst Michael McDonald shows you how to navigate the turbulent ups and downs of the market and come out with significant profits. This comprehensive trading guide will teach you how to trade the swings of the market by gaining a clear and accurate picture of it. Predict Market Swings with Technical Analysis contains: A trading model that is more accurate than the efficient market model and is closer to the ideas most traders have of the market Proven indicators–such as contrary opinion–that will allow you to find the beginning and end of major swings New discoveries in chaos theory that help explain the fractal nature of stock price charts Four investing paradoxes that will help you make smarter investment decisions A broad outline of the possible pattern the market will make during its projected sideways run and a presentation of McDonald’s studies on strategies for sideways markets in anticipation of this period With an innovative approach to trading the stock market, Predict Market Swings with Technical Analysis gives you the knowledge, insight, and confidence to predict market swings and trade for maximum p
856 _3Amazon.com
_uhttp://www.amazon.com/exec/obidos/ASIN/0471205966/chopacon
856 _3Amazon customer reviews
_uhttp://www.chopac.org/cgi-bin/tools/azrev.pl?q=047
942 _aNBS
_cBK
_k332.632042 MCD
999 _c345515
_d345515